| 000 | 00649nam a2200205 u 4500 | ||
|---|---|---|---|
| 005 | 20240314063637.0 | ||
| 008 | 080624s2006 ea r 000 0 spa d | ||
| 020 | _a0439851076 | ||
| 035 | _aUPN01000157437 | ||
| 049 | _aI | ||
| 050 | 4 |
_aPZ71 _bM8.53 |
|
| 100 | 1 |
_aMunsch, Robert Norman, _d1945- _939043 |
|
| 245 | 1 | 0 |
_aMedias apestosas / _cRobert Munsch ; il. por Michael Martcheko. |
| 260 |
_aNew York : _bScholastic, _cc2006. |
||
| 300 |
_a28 p. : _bprincipalmente il. col. |
||
| 650 | 4 |
_aCuentos infantiles estadounidenses _910762 |
|
| 650 | 4 |
_aLibros y lectura para niƱos _92290 |
|
| 700 | 1 |
_aMartchenko, Michael, _eil. |
|
| 905 | _aInfantil | ||
| 999 |
_c129551 _d129551 |
||